000
00361nam a22001577a 4500
003
MPLRDC
005
20220104142637.0
008
210129b ||||| |||| 00| 0 eng d
082
_a
323.9 SH
100
_a
仕会编著
245
_a
宇宙新天体
_c
260
_a
_b
香港万里书店
_c
1982
300
_b
平
650
_a
天象
942
_c
BK
_o
323.9 SH
999
_c
32540
_d
32530